| 000 | 00778nam a2200241Ia 4500 | ||
|---|---|---|---|
| 003 | OSt | ||
| 005 | 20220923211222.0 | ||
| 006 | a|||||r|||| 00| 0 | ||
| 007 | ta | ||
| 008 | Pun | ||
| 020 |
_a9788130201511 (hbk) _c950 |
||
| 024 | _a290,302 | ||
| 037 |
_b1012, 24/02/2016, H.K. Prakashan _cTextual |
||
| 040 |
_aARTS _cARTS _bPun |
||
| 041 |
_2Pun _aPun |
||
| 082 | _aZk, 153Q3 | ||
| 100 |
_aਭਸੀਨ, ਰਾਜਿੰਦਰ ਸਿੰਘ _9159867 |
||
| 245 | 0 | _aਕਾੱਨੀ ਵਿFਾ - ਕੋF | |
| 260 |
_aਪਟਿਆਲਾ _b ਪਬਲੀਕੇFਨ ਬਿਊਰੋ _c2013 |
||
| 300 |
_a958ਪੰ _ccm. |
||
| 942 |
_hZk, 153Q3 _cTEXL _2CC |
||
| 999 |
_c297142 _d297142 |
||